Pipelines 2021 Construction and Rehabilitation

Bibliographic Details
Corporate Authors: Pipelines 2021 Virtual, Knovel (Firm)
Other Authors: Strayer, Duane (Editor), Jenkins, C. Douglas (Editor)
Format: Conference Proceeding eBook
Language:English
Published: Reston, VA American Society of Civil Engineers 2021, c2021
Subjects:
Online Access:Connect to the full text of this electronic book
Connect to the full text of this electronic book

MARC

Tag First Indicator Second Indicator Subfields
LEADER 00000cam a2200000Mi 4500
001 in00004640639
006 m o d
007 cr ||||||a|a|a
008 210729t20212021vau fo 100 0 eng d
005 20230110224614.2
035 |a (OCoLC)on1262136928 
040 |a VASCE  |b eng  |e rda  |c VASCE  |d UIU  |d EBLCP 
020 |a 9780784483626 
020 |a 0784483620 
035 |a (OCoLC)1262136928 
049 |a TXAM 
111 2 |a Pipelines 2021  |c Virtual  |d 2021. 
245 1 0 |a Pipelines 2021  |b Construction and Rehabilitation  |c edited by Duane Strayer, and others. 
264 3 1 |a Reston, VA  |b American Society of Civil Engineers  |c 2021, c2021 
300 |a 1 online resource 
336 |a text  |b txt  |2 rdacontent 
337 |a computer  |b c  |2 rdamedia 
338 |a online resource  |b cr  |2 rdacarrier 
520 3 |a Papers from sessions of Pipelines 2021, held virtually August 3-6, 2021. Sponsored by the Utility Engineering and Surveying Institute of ASCE.This collection contains 51 peer-reviewed papers on the construction and rehabilitation of pipelines.Topics include: trenchless applications; sewer construction and rehabilitation; testing and commissioning; watermain construction and rehabilitation; and case studies.This collection will be of interest to design and consulting engineers, utility and pipeline owners, and researchers in the pipeline profession. 
588 0 |a Print version record. 
653 0 |a Pipelines 
653 0 |a Construction management 
653 0 |a Rehabilitation 
653 0 |a Consulting services 
653 0 |a Utilities 
653 0 |a Pipes 
653 0 |a Hydrographic surveys 
653 0 |a Surveys (non-geomatic) 
655 7 |a Electronic books.  |2 local 
700 1 |a Strayer, Duane  |e editor.  |4 edt 
700 1 |a Jenkins, C. Douglas  |e editor.  |4 edt 
710 2 |a Knovel (Firm) 
856 4 0 |u http://proxy.library.tamu.edu/login?url=https://app.knovel.com/hotlink/toc/id:kpPCR00001/pipelines-2021-construction?kpromoter=marc  |z Connect to the full text of this electronic book  |t 0 
856 4 0 |u http://proxy.library.tamu.edu/login?url=https://ascelibrary.org/doi/book/10.1061/9780784483626  |z Connect to the full text of this electronic book  |t 0 
955 |a Knovel ebooks 
994 |a 92  |b TXA 
999 f f |s 9483dc79-a24d-43e9-b5ca-c3b83f79eeaf  |i 6732cc15-b3b7-44dc-b095-1da438a0f3d5  |t 0 
952 f f |a Texas A&M University  |b College Station  |c Electronic Resources  |d Available Online  |t 0  |h Library of Congress classification 
998 f f |t 0  |l Available Online